Diario
Gorde:
| Egile nagusia: | |
|---|---|
| Formatua: | Liburua |
| Hizkuntza: | gaztelania |
| Argitaratua: |
Barcelona
Bruguera
1984
|
| Edizioa: | 3a. ed |
| Saila: | Libro Amigo
|
| Gaiak: | |
| Etiketak: |
Etiketa erantsi
Etiketarik gabe, Izan zaitez lehena erregistro honi etiketa jartzen!
|
MARC
| LEADER | 00000cam a2200000 a 4500 | ||
|---|---|---|---|
| 001 | UCE7151 | ||
| 003 | CL-VaPUC | ||
| 008 | 150529e19840000sp |||||||||||||||||spa|d | ||
| 020 | |a 8402077196t.1 | ||
| 020 | |a 840207720Xt.2 | ||
| 020 | |a 8402082599t.3 | ||
| 020 | |a 8402083307t.4 | ||
| 020 | |a 8402088198t.5 | ||
| 020 | |a 8402098525t.6 | ||
| 082 | 0 | 4 | |a 813 |b NIN |2 21 |
| 100 | |a Nin, Anaïs |e autora |9 475396 | ||
| 245 | 1 | 0 | |a Diario |
| 250 | |a 3a. ed | ||
| 300 | |a t | ||
| 942 | |c BK | ||
| 945 | |d 20150529 15:00:00 |a dcastane | ||
| 260 | |a Barcelona |b Bruguera |c 1984 | ||
| 500 | |a t.1: 1931-1934 | ||
| 500 | |a t.2: 1934-1939 | ||
| 500 | |a t.3: 1939-1944 | ||
| 500 | |a t.4: 1944-1947 | ||
| 500 | |a t.5: 1947-1955 | ||
| 500 | |a t.6: 1955-1966 | ||
| 650 | 0 | |a Novelas estadounidenses |9 265217 | |
| 650 | 0 | |a Literatura estadounidense |9 317168 | |
| 583 | |a last modification |c 20150529 15:00:00 |k Rodrigo Vera | ||
| 490 | 0 | |a Libro Amigo | |
| 999 | |c 359274 |d 359272 | ||
| 952 | |0 0 |1 0 |3 erb |4 0 |6 813_000000000000000_NIN_1984 |7 0 |8 A |9 468417 |a BIBEDU |b BIBEDU |e Villagrán Garnham, Jorge |h t.1 |i 5175992 |l 3 |o 813 NIN 1984 |p 5175992 |r 2023-04-24 |s 2023-04-17 |w 2019-11-23 |y BK |z Catalogado en:20150529 |k LIT | ||
| 952 | |0 0 |1 0 |3 erb |4 0 |6 813_000000000000000_NIN_1984 |7 0 |8 A |9 468418 |a BIBEDU |b BIBEDU |e Villagrán Garnham, Jorge |h t.2 |i 517600K |o 813 NIN 1984 |p 517600K |r 2019-11-23 |w 2019-11-23 |y BK |z Catalogado en:20150529 |k LIT | ||
| 952 | |0 0 |1 0 |3 erb |4 0 |6 813_000000000000000_NIN_1984 |7 0 |8 A |9 468419 |a BIBEDU |b BIBEDU |e Villagrán Garnham, Jorge |h t.3 |i 5176018 |o 813 NIN 1984 |p 5176018 |r 2019-11-23 |w 2019-11-23 |y BK |z Catalogado en:20150529 |k LIT | ||
| 952 | |0 0 |1 0 |3 erb |4 0 |6 813_000000000000000_NIN_1984 |7 0 |8 A |9 468420 |a BIBEDU |b BIBEDU |e Villagrán Garnham, Jorge |h t.4 |i 5176026 |o 813 NIN 1984 |p 5176026 |r 2019-11-23 |w 2019-11-23 |y BK |z Catalogado en:20150529 |k LIT | ||
| 952 | |0 0 |1 0 |3 erb |4 0 |6 813_000000000000000_NIN_1984 |7 0 |8 A |9 468421 |a BIBEDU |b BIBEDU |e Villagrán Garnham, Jorge |h t.5 |i 5176034 |o 813 NIN 1984 |p 5176034 |r 2019-11-23 |w 2019-11-23 |y BK |z Catalogado en:20150529 |k LIT | ||
| 952 | |0 0 |1 0 |3 erb |4 0 |6 813_000000000000000_NIN_1984 |7 0 |8 A |9 468422 |a BIBEDU |b BIBEDU |e Villagrán Garnham, Jorge |h t.6 |i 5176042 |o 813 NIN 1984 |p 5176042 |r 2019-11-23 |w 2019-11-23 |y BK |z Catalogado en:20150529 |k LIT | ||